Statistics for Countries That Start With "A" In Alphabetical Order

Click here to take the quiz!

General Stats

  • This quiz has been taken 29 times
  • The average score is 10 of 11

Answer Stats

Answer% Correct
Albania
100%
Afghanistan
96%
Algeria
96%
Armenia
92%
Australia
92%
Azerbaijan
92%
Andorra
88%
Antigua And Barbuda
88%
Argentina
88%
Austria
88%
Angola
85%

Score Distribution

Percentile by Number Answered

Percent of People with Each Score

Your Score History

You have not taken this quiz